Phát triển giải thuật tạo ảnh toàn nét trên kính hiển vi quang học : Luận văn thạc sĩ. Chuyên ngành Kỹ thuật điều khiển và tự động hóa

Nghiên cứu phát triển giải thuật tạo ảnh toàn nét trên kính hiển vi quang học để tạo ra các ảnh chất lượng cao

Na minha lista:
Detalhes bibliográficos
Autor principal: Huỳnh, Kim Hoa
Formato: Livro
Idioma:Undetermined
Publicado em: Cần Thơ Trường Đại học Cần Thơ 2016
Assuntos:
Tags: Adicionar Tag
Sem tags, seja o primeiro a adicionar uma tag!
Thư viện lưu trữ: Trung tâm Học liệu Trường Đại học Cần Thơ
LEADER 00989nam a2200217Ia 4500
001 CTU_212679
008 210402s9999 xx 000 0 und d
082 |a 006.686 
082 |b H406 
088 |a 60520216 
100 |a Huỳnh, Kim Hoa 
245 0 |a Phát triển giải thuật tạo ảnh toàn nét trên kính hiển vi quang học : 
245 0 |b Luận văn thạc sĩ. Chuyên ngành Kỹ thuật điều khiển và tự động hóa 
245 0 |c Huỳnh Kim Hoa ; Nguyễn Chánh Nghiệm (Cán bộ hướng dẫn) 
260 |a Cần Thơ 
260 |b Trường Đại học Cần Thơ 
260 |c 2016 
520 |a Nghiên cứu phát triển giải thuật tạo ảnh toàn nét trên kính hiển vi quang học để tạo ra các ảnh chất lượng cao 
650 |a Kính hiển vi quang học 
904 |i Nguyên 
980 |a Trung tâm Học liệu Trường Đại học Cần Thơ